¿Valor o mercancía?: algunas observaciones críticas al análisis de la mercancía en la teoría del desarrollo capitalista de Paul M. Sweezy /

Bewaard in:
Bibliografische gegevens
Hoofdauteur: Izurieta Segura, Carlos A.
Andere auteurs: Alvarado Ugarte, Hernán
Formaat: Texto
Onderwerpen:
Tags: Voeg label toe
Geen labels, Wees de eerste die dit record labelt!

MARC

LEADER 00000 a a2200000 04500
001 1771
003
040
100 |a Izurieta Segura, Carlos A.  
245 |a ¿Valor o mercancía?:   |b algunas observaciones críticas al análisis de la mercancía en la teoría del desarrollo capitalista de Paul M. Sweezy /  |c Carlos A. Izurieta Segura 
650 |a TEORIA SOCIAL  
700 |a Alvarado Ugarte, Hernán  
773 |g número 3; 2; 28 p  
999 |c 33478  |d 33478